[Event "Blitz RR (Jul 2017) 1500-1899"]
[Site "SchemingMind.com"]
[Date "2017.07.07"]
[Round "-"]
[White "emvarela"]
[Black "Wojtek26"]
[Result "1/2-1/2"]
[WhiteCountry "ARG"]
[BlackCountry "POL"]
[WhiteElo "1836"]
[WhiteRD "59"]
[BlackElo "1596"]
[BlackRD "45"]
[GameID "415874"]

1. e4 e5 2. Nf3 Nc6 3. Nc3 Nf6 4. d4 exd4 5. Nxd4 Nxd4 6. Qxd4 d6 7. Bc4 Be6 8. Bxe6 fxe6 9. O-O Be7 10. Qb4 b6
11. Qb5+ Qd7 12. Qxd7+ Kxd7 13. f3 a6 14. Rd1 Rhf8 15. e5 Ng8 16. exd6 Bxd6 17. Ne4 Nf6 18. Nxd6 cxd6 19. Bf4 d5 20. Be5 Rac8
21. c3 b5 22. Bxf6 Rxf6 23. Rd3 Rcf8=
1/2-1/2

[Event "Blitz RR (Jul 2017) 1500-1899"]
[Site "SchemingMind.com"]
[Date "2017.07.02"]
[Round "-"]
[White "Wojtek26"]
[Black "emvarela"]
[Result "0-1"]
[WhiteCountry "POL"]
[BlackCountry "ARG"]
[WhiteElo "1596"]
[WhiteRD "45"]
[BlackElo "1836"]
[BlackRD "59"]
[GameID "415875"]

1. e4 e5 2. Nf3 Nc6 3. Bb5 a6 4. Ba4 Nf6 5. Nc3 Bc5 6. O-O b5 7. Bb3 b4 8. Nd5 Nxd5 9. Bxd5 Bb7 10. d3 Qe7
11. Bg5 f6 12. Bh4 O-O-O 13. c3 bxc3 14. bxc3 g5 15. Bg3 h5 16. h3 Bb6 17. a4 Qc5 18. c4 Nb4 19. Bxb7+ Kxb7 20. Qb3 h4
21. Bxe5 fxe5 22. Rab1 a5 23. Nxg5 Rdg8 24. Nf3 Qd6 25. Rfd1 Qg6 26. Ne1 Bxf2+ 27. Kxf2 Qb6+ 28. Ke2 Rg3 29. Qc3 Qe3+ 30. Kf1 Rf8+
31. Nf3 Rfxf3+
0-1

[Event "Blitz RR (Jul 2017) 1500-1899"]
[Site "SchemingMind.com"]
[Date "2017.07.12"]
[Round "-"]
[White "David Hartley"]
[Black "emvarela"]
[Result "1/2-1/2"]
[WhiteCountry "ENG"]
[BlackCountry "ARG"]
[WhiteElo "1808"]
[WhiteRD "71"]
[BlackElo "1913"]
[BlackRD "56"]
[GameID "416095"]

1. e4 e5 2. Nf3 Nc6 3. d4 exd4 4. Nxd4 Bc5 5. Be3 Qf6 6. c3 d6 7. g3 Nxd4 8. cxd4 Bb4+ 9. Nc3 Bd7 10. a3 Bxc3+
11. bxc3 Ne7 12. Bg2 O-O-O 13. Qb3 b6 14. O-O Rhe8 15. a4 h5 16. a5 Nc6 17. axb6 cxb6 18. Qb5 Nb8 19. Qc4+ Nc6 20. Rxa7 Kb8
21. Ra3 Kc7 22. d5 Ra8 23. Rfa1 Rxa3 24. Rxa3 b5 25. Qxb5 Rb8 26. Qd3 Ne5 27. Qf1 Bb5 28. Qc1 Kd7 29. Bh3+ Ke8 30. Rb3 Nf3+
31. Kh1 Rb7 32. Qb1 Bd3 33. Qa2 Rxb3 34. Qxb3 Bxe4 35. Bg2 Qe5 36. Qb8+ Ke7 37. Qc7+ Kf6 38. Bf4 Qxd5 39. Qd8+ Kg6 40. Qxd6+ Qxd6
41. Bxd6 Kf5 42. c4 Nd2 43. c5 Bxg2+ 44. Kxg2 Nc4 45. Bf8 g5 46. f3 g4 47. fxg4+ hxg4 48. Bh6 Ne5 49. Be3 Ke4 50. Bf2 Kd5
51. Kf1 Nf3 52. Kg2 Ne5 53. h4 gxh3+ 54. Kxh3 Nd3 55. Bg1 Nxc5 56. Bxc5 Kxc5 57. Kg4=
1/2-1/2

[Event "Blitz RR (Jul 2017) 1500-1899"]
[Site "SchemingMind.com"]
[Date "2017.07.12"]
[Round "-"]
[White "emvarela"]
[Black "David Hartley"]
[Result "1/2-1/2"]
[WhiteCountry "ARG"]
[BlackCountry "ENG"]
[WhiteElo "1913"]
[WhiteRD "56"]
[BlackElo "1808"]
[BlackRD "71"]
[GameID "416096"]

1. e4 c5 2. Nf3 d6 3. d4 cxd4 4. Nxd4 Nf6 5. Nc3 a6 6. Bg5 e6 7. f4 Be7 8. e5 dxe5 9. fxe5 Nfd7 10. Bxe7 Qxe7
11. Qg4 O-O 12. Qe4 f6 13. Bd3 f5 14. Qf4 Nc5 15. O-O-O Nxd3+ 16. Rxd3 Bd7 17. Rhd1 Nc6 18. Nde2 Be8 19. Rd6 Rd8 20. Nd4 Bd7
21. Nxc6 Bxc6 22. g3 Rd7 23. Na4 Bxa4 24. Qxa4 Rc7 25. Rd7 Qc5 26. Rxc7 Qxc7 27. Rd6 Qc5 28. Qd4 Qc8 29. Kb1 Re8 30. h4 h6
31. h5 Kh7 32. g4 Re7 33. gxf5 exf5 34. Rd8 Qc7 35. Qd5 Re6 36. Qxe6 Qxd8 37. Qxf5+ Kg8 38. Kc1 Qa5 39. Qe6+ Kh8 40. c3 Qb5
41. Qc8+=
1/2-1/2

[Event "Blitz RR (Jul 2017) 1500-1899"]
[Site "SchemingMind.com"]
[Date "2017.07.12"]
[Round "-"]
[White "David Hartley"]
[Black "Wojtek26"]
[Result "1-0"]
[WhiteCountry "ENG"]
[BlackCountry "POL"]
[WhiteElo "1841"]
[WhiteRD "74"]
[BlackElo "1596"]
[BlackRD "45"]
[GameID "416097"]

1. e4 e5 2. Nf3 Nc6 3. Bb5 Nge7 4. O-O a6 5. Ba4 b5 6. Bb3 g6 7. c3 Bg7 8. d4 exd4 9. cxd4 O-O 10. a3 Bb7
11. Qd3 Na5 12. Ba2 Re8 13. Ng5 d5 14. Nc3 c6 15. Qf3 Rf8 16. e5 Nf5 17. Qd3 Bf6 18. exf6 Qxf6 19. Nf3 Nc4 20. b3 Nb6
21. Bg5 Qd6 22. Bb1 b4 23. axb4 f6 24. Bd2 Rae8 25. Na4 Nc8 26. Nc5 Qc7 27. Nxa6 Bxa6 28. Qxa6 Nb6 29. Qd3 Ra8 30. Bc2 Rfe8
31. Qc3 Re2 32. Bxf5 gxf5 33. Rxa8+ Kf7 34. Raa1 Qe7 35. Qxc6 Qd8 36. Be3 Rb2 37. Qc3 Re2 38. Rfb1 Qd6 39. Kf1 Rxe3 40. fxe3 Nd7
41. Ra7 Ke6 42. Rba1 Nb8 43. Qc8+
1-0

[Event "Blitz RR (Jul 2017) 1500-1899"]
[Site "SchemingMind.com"]
[Date "2017.07.12"]
[Round "-"]
[White "Wojtek26"]
[Black "David Hartley"]
[Result "0-1"]
[WhiteCountry "POL"]
[BlackCountry "ENG"]
[WhiteElo "1596"]
[WhiteRD "45"]
[BlackElo "1841"]
[BlackRD "74"]
[GameID "416098"]

1. e4 e5 2. Nf3 Nc6 3. Bc4 Bc5 4. Nc3 Nf6 5. O-O d6 6. h3 O-O 7. d3 h6 8. Be3 Bb6 9. a3 Be6 10. Bxe6 fxe6
11. Qd2 Qe7 12. Ne2 Bxe3 13. fxe3 Rad8 14. Rf2 Nd7 15. Nc3 a6 16. Raf1 Rf7 17. Nh2 Rdf8 18. Rxf7 Rxf7 19. Rxf7 Qxf7 20. Qf2 Nf6
21. g4 g5 22. Qf3 Ne7 23. Ne2 Kf8 24. Nc3 h5 25. gxh5 Nxh5 26. Ng4 Qxf3
0-1

[Event "Blitz RR (Jul 2017) 1500-1899"]
[Site "SchemingMind.com"]
[Date "2017.07.12"]
[Round "-"]
[White "David Hartley"]
[Black "Phillip Beckett"]
[Result "1-0"]
[WhiteCountry "ENG"]
[BlackCountry "ENG"]
[WhiteElo "1880"]
[WhiteRD "77"]
[BlackElo "1587"]
[BlackRD "59"]
[GameID "416207"]

1. e4 e5 2. f4 Qh4+ 3. g3 Qe7 4. fxe5 d6 5. Nc3 dxe5 6. d3 c6 7. Nf3 Bg4 8. Be3 Nd7 9. Be2 f6 10. a3 g5
11. Qd2 h5 12. h3 Bxf3 13. Bxf3 Bg7 14. O-O-O b6 15. Rde1 O-O-O 16. Bg2 Nc5 17. Qe2 Qd6 18. Rd1 Ne7 19. Rd2 Bh6 20. Qxh5 Bg7
21. Qf3 Ng6 22. Rhd1 Ne6 23. Qf2 c5 24. Ne2 Nd4 25. Qg1 Ne7 26. Nxd4 cxd4 27. Bf2 Kb7 28. Be1 Qe6 29. Kb1 Nc6 30. Rc1 Ra8
31. c3 dxc3 32. Rxc3 Nd4 33. g4 Rac8 34. Rxc8 Rxc8 35. Bf2 Qb3 36. Bxd4 exd4 37. e5+ Kb8 38. Qxd4 fxe5 39. Qe4 Qf7 40. Qa8+ Kc7
41. Qb7+
1-0

[Event "Blitz RR (Jul 2017) 1500-1899"]
[Site "SchemingMind.com"]
[Date "2017.07.12"]
[Round "-"]
[White "Phillip Beckett"]
[Black "David Hartley"]
[Result "0-1"]
[WhiteCountry "ENG"]
[BlackCountry "ENG"]
[WhiteElo "1587"]
[WhiteRD "59"]
[BlackElo "1880"]
[BlackRD "77"]
[GameID "416208"]

1. e4 e5 2. Nf3 Nc6 3. Bb5 a6 4. Bxc6 dxc6 5. d4 exd4 6. Qxd4 Qxd4 7. Nxd4 Bd7 8. Be3 O-O-O 9. Nd2 Ne7 10. f3 c5
11. N4b3 b6 12. O-O-O Nc6 13. Nc4 Be7 14. c3 Be6 15. Ncd2 Ne5 16. Nb1 Rd6 17. Rxd6 Bxd6 18. Rd1 Rd8 19. Na3 f6 20. Kb1 Nc6
21. Nd2 h6 22. Ndc4 Bxh2 23. Rxd8+ Kxd8 24. Kc2 Bd6 25. Nxd6 cxd6 26. b3 d5 27. exd5 Bxd5 28. c4 Be6 29. Kb2 Ke7 30. Nc2 g5
31. Bd2 Kf7 32. Ne3 Ne5 33. Bc3 Ke7 34. Nf1 Kd6 35. Ng3 Bc8 36. Nh5 Ke6 37. Ng3 Nd3+ 38. Kc2 Nf4 39. Ne4 f5 40. g3 Ne2
41. Nd2 Nxg3 42. Bg7 h5 43. Bh6 g4 44. fxg4 fxg4 45. Kd3 Ke5 46. Nb1 h4 47. Nd2 h3 48. Be3 h2
0-1

[Event "Blitz RR (Jul 2017) 1500-1899"]
[Site "SchemingMind.com"]
[Date "2017.07.14"]
[Round "-"]
[White "emvarela"]
[Black "Phillip Beckett"]
[Result "1-0"]
[WhiteCountry "ARG"]
[BlackCountry "ENG"]
[WhiteElo "1836"]
[WhiteRD "59"]
[BlackElo "1571"]
[BlackRD "56"]
[GameID "416209"]

1. e4 e5 2. Nf3 Nc6 3. Nc3 Nf6 4. Bb5 Nd4 5. Ba4 Nxf3+ 6. Qxf3 Be7 7. d3 c6 8. O-O a5 9. a3 b5 10. Bb3 d6
11. Bg5 h6 12. Bxf6 Bxf6 13. Rad1 O-O 14. a4 b4 15. Na2 Be6 16. Bxe6 fxe6 17. Qg4 Qe7 18. Nc1 Bg5 19. Ne2 Qf7 20. d4 exd4
21. Nxd4 d5 22. Nxe6 Rfe8 23. Nxg5 hxg5 24. exd5 cxd5 25. Qxg5 Rad8 26. Rd4 Re2 27. Qxd8+
1-0

[Event "Blitz RR (Jul 2017) 1500-1899"]
[Site "SchemingMind.com"]
[Date "2017.07.14"]
[Round "-"]
[White "Phillip Beckett"]
[Black "emvarela"]
[Result "0-1"]
[WhiteCountry "ENG"]
[BlackCountry "ARG"]
[WhiteElo "1571"]
[WhiteRD "56"]
[BlackElo "1836"]
[BlackRD "59"]
[GameID "416210"]

1. d4 d5 2. e3 Nf6 3. Bd3 e6 4. Nd2 Nc6 5. c3 g6 6. f4 Bg7 7. Ngf3 Ng4 8. Qe2 O-O 9. Ne5 Ngxe5 10. fxe5 f6
11. exf6 Bxf6 12. O-O e5 13. dxe5 Nxe5 14. Bc2 Bg4 15. Qe1 Bg7 16. Nf3 Bxf3 17. gxf3 Nxf3+ 18. Rxf3 Rxf3 19. Qe2 Qg5+ 20. Kh1 Raf8
21. Bd2 Rf2 22. Qd3 Qg2#
0-1

[Event "Blitz RR (Jul 2017) 1500-1899"]
[Site "SchemingMind.com"]
[Date "2017.07.16"]
[Round "-"]
[White "Phillip Beckett"]
[Black "Wojtek26"]
[Result "1/2-1/2"]
[WhiteCountry "ENG"]
[BlackCountry "POL"]
[WhiteElo "1587"]
[WhiteRD "59"]
[BlackElo "1608"]
[BlackRD "51"]
[GameID "416211"]

1. d4 d5 2. e3 e6 3. Bd3 Nc6 4. c3 Nf6 5. f4 Ne4 6. Nf3 Be7 7. O-O O-O 8. Nbd2 f5 9. Ne5 Nxe5 10. fxe5 c5
11. Bc2 c4 12. Nxe4 fxe4 13. Rxf8+ Qxf8 14. Bd2 Bd7 15. Qe2 Qf5 16. Rf1 Qg6 17. Bd1 Rf8 18. Rxf8+ Bxf8 19. Qh5=
1/2-1/2

[Event "Blitz RR (Jul 2017) 1500-1899"]
[Site "SchemingMind.com"]
[Date "2017.07.16"]
[Round "-"]
[White "Wojtek26"]
[Black "Phillip Beckett"]
[Result "1/2-1/2"]
[WhiteCountry "POL"]
[BlackCountry "ENG"]
[WhiteElo "1596"]
[WhiteRD "45"]
[BlackElo "1571"]
[BlackRD "56"]
[GameID "416212"]

1. d4 d5 2. c4 e6 3. e3 Nf6 4. Nf3 Be7 5. Be2 O-O 6. O-O dxc4 7. Bxc4 Nbd7 8. b3 c5 9. dxc5 Nxc5 10. Bb2 Bd7
11. Qc2 Bc6 12. Ne5 Qc7 13. Nd2 Rfd8 14. Rad1 Be4 15. Qc1 a6 16. f3 Bd3 17. Rf2 Bxc4 18. Ndxc4 Rxd1+ 19. Qxd1 Rd8 20. Rd2 Rxd2
21. Qxd2 Qd8 22. Qxd8+ Bxd8 23. Kf2 Bc7 24. Bd4 Ncd7 25. Nxd7 Nxd7 26. h3 e5 27. Bc3 f6 28. e4 Nb6 29. Nxb6 Bxb6+ 30. Ke2 Kf7
31. a4 Ke6 32. g4 g6 33. Bb4 f5 34. exf5+ gxf5 35. gxf5+ Kxf5=
1/2-1/2

[Event "Blitz RR (Jul 2017) 1500-1899"]
[Site "SchemingMind.com"]
[Date "2017.07.19"]
[Round "-"]
[White "David Hartley"]
[Black "Scooter"]
[Result "1/2-1/2"]
[WhiteCountry "ENG"]
[BlackCountry "USA"]
[WhiteElo "1841"]
[WhiteRD "74"]
[BlackElo "1711"]
[BlackRD "52"]
[GameID "416531"]

1. e4 c6 2. d4 d5 3. exd5 cxd5 4. c4 Nf6 5. Nc3 e6 6. Nf3 Bb4 7. cxd5 Nxd5 8. Bd2 Bxc3 9. Bxc3 O-O 10. Bd3 g6
11. Bd2 Nc6 12. O-O Nf6 13. Be3 Nd5 14. Qe2 Ncb4 15. Bc4 a6 16. Bb3 b5 17. a3 Nxe3 18. Qxe3 Nd5 19. Qd2 Bb7 20. Rfe1 Rc8
21. Qh6 Qf6 22. Ng5 Qg7 23. Qxg7+ Kxg7 24. f3 Nf4 25. Red1 h6 26. Ne4 Rfd8 27. Rd2 Bd5 28. Bxd5 Nxd5 29. Nc5 Rc6 30. Kf2 Nf6
31. Rad1 a5 32. Ne4 Rdc8 33. Nxf6 Kxf6 34. Ke3 h5 35. g3 b4 36. axb4 axb4 37. h4 Rc2 38. Rxc2 Rxc2 39. Rd2 Rc1 40. Rd3 Rc4
41. d5 exd5 42. Rxd5 Rc2 43. Rd2 Rxd2 44. Kxd2 Ke5 45. Kd3 Kd5 46. b3 f6 47. f4=
1/2-1/2

[Event "Blitz RR (Jul 2017) 1500-1899"]
[Site "SchemingMind.com"]
[Date "2017.07.19"]
[Round "-"]
[White "Scooter"]
[Black "David Hartley"]
[Result "1/2-1/2"]
[WhiteCountry "USA"]
[BlackCountry "ENG"]
[WhiteElo "1711"]
[WhiteRD "52"]
[BlackElo "1841"]
[BlackRD "74"]
[GameID "416532"]

1. d4 Nf6 2. Bg5 e6 3. Nf3 c5 4. e3 cxd4 5. exd4 Be7 6. Nbd2 O-O 7. Be2 b6 8. O-O Bb7 9. Re1 d6 10. c3 Nbd7
11. Bd3 Re8 12. Ne4 Nxe4 13. Bxe7 Rxe7 14. Bxe4 Bxe4 15. Rxe4 Nf6 16. Re1 Rc8 17. h3 Qe8 18. Qc2 h6 19. Rad1 Rec7 20. Re3 Re7
21. Rde1 Qd7 22. Nd2 d5 23. Re5 Qd6 24. Nf3 Rec7 25. R5e2 Nd7 26. Ne5 Nxe5 27. Rxe5 Qf8 28. Qd3 Re8 29. Qb5 Rce7 30. Qc6 Rc8
31. Qa4 Rce8 32. c4 f6 33. R5e2 dxc4 34. Qxc4 Qf7 35. Qb4 Kh7 36. a4 Kg8 37. Rc2 Rd8 38. Qc4 Rde8 39. b4 Kf8 40. b5 Kg8
41. Qc6 Rd7 42. Qe4 Rde7= 43. Rec1 Rd7 44. Rc6=
1/2-1/2

[Event "Blitz RR (Jul 2017) 1500-1899"]
[Site "SchemingMind.com"]
[Date "2017.07.24"]
[Round "-"]
[White "emvarela"]
[Black "Scooter"]
[Result "1-0"]
[WhiteCountry "ARG"]
[BlackCountry "USA"]
[WhiteElo "1913"]
[WhiteRD "56"]
[BlackElo "1703"]
[BlackRD "54"]
[GameID "416533"]

1. e4 c6 2. d4 d5 3. exd5 cxd5 4. c4 Nf6 5. Nc3 e6 6. Nf3 Bb4 7. cxd5 Nxd5 8. Bd2 Nxc3 9. Bxc3 Qe7 10. Bb5+ Bd7
11. Bxd7+ Nxd7 12. a3 Bd6 13. Qb3 Nf6 14. Qb5+ Qd7 15. Qxd7+ Nxd7 16. Ke2 O-O 17. Ne5= Nb6 18. Rhc1 Rac8 19. f4 Nd5 20. g3 Bxe5
21. dxe5 Rc7 22. Bd2 Rfc8 23. Rxc7 Rxc7 24. Rc1 Rxc1 25. Bxc1 Kf8 26. Kd3 b5 27. Kd4 Ke7 28. Kc5 a6 29. Bd2 Kd7 30. b4 Kc7
31. g4 Nb6 32. h4 Nc4 33. Bc1 f6 34. exf6 gxf6 35. g5 fxg5 36. hxg5 Kd7 37. a4 Nd6 38. axb5 axb5 39. Bb2 Ke7 40. Be5
1-0

[Event "Blitz RR (Jul 2017) 1500-1899"]
[Site "SchemingMind.com"]
[Date "2017.07.24"]
[Round "-"]
[White "Scooter"]
[Black "emvarela"]
[Result "0-1"]
[WhiteCountry "USA"]
[BlackCountry "ARG"]
[WhiteElo "1703"]
[WhiteRD "54"]
[BlackElo "1913"]
[BlackRD "56"]
[GameID "416534"]

1. d4 d5 2. Nf3 Nf6 3. Bf4 c5 4. e3 e6 5. Bb5+ Nc6 6. c3 Qb6 7. Qb3 Nh5 8. Bxc6+ bxc6 9. Qxb6 axb6 10. Bc7 b5
11. Bb6 c4 12. Ne5 Bb7 13. Nd2 Bd6 14. O-O f6 15. Nef3 g5 16. g4 Ng7 17. b4 h5 18. h3 hxg4 19. hxg4 Kf7 20. Kg2 Rh7
21. Rh1 Rah8 22. Rxh7 Rxh7 23. Rh1 Rxh1 24. Kxh1 Kg6 25. Kg2 f5 26. gxf5+ Nxf5 27. Bd8 g4 28. Nh2 g3 29. fxg3 Nxg3 30. Bh4 Ne2
31. Nb1 Bxh2 32. Kxh2 Kf5 33. Kg2 Ke4 34. Kf2 Kd3 35. Kf3 Nxc3 36. Nxc3 Kxc3 37. Be1+ Kd3 38. Kf4 c3
0-1

[Event "Blitz RR (Jul 2017) 1500-1899"]
[Site "SchemingMind.com"]
[Date "2017.07.19"]
[Round "-"]
[White "Phillip Beckett"]
[Black "Scooter"]
[Result "1-0"]
[WhiteCountry "ENG"]
[BlackCountry "USA"]
[WhiteElo "1587"]
[WhiteRD "59"]
[BlackElo "1732"]
[BlackRD "51"]
[GameID "416535"]

1. e4 c6 2. d4 d5 3. Nc3 dxe4 4. Nxe4 Bf5 5. Ng3 Bg6 6. Nf3 Nd7 7. c3 Ngf6 8. Bd3 Bxd3 9. Qxd3 g6 10. Ne4 Nxe4
11. Qxe4 Nf6 12. Qc2 Bg7 13. O-O O-O 14. Bg5 Qd5 15. Bh4 e6 16. Rae1 Nd7 17. b3 c5 18. dxc5 Qxc5 19. c4 Bf6 20. Bxf6 Nxf6
21. Re5 Qe7 22. Rd1 Nd7 23. Ree1 Rad8 24. Ne5 Nxe5 25. Rxe5 Rxd1+ 26. Qxd1 Rd8 27. Qc2 Qa3 28. g3 Qd6 29. Re2 Qc6 30. Rd2 Rxd2
31. Qxd2 Qc7 32. Qd4 b6 33. Kg2 e5 34. Qd5 Kg7 35. Qe4 f5 36. Qd5 Kf6 37. Qg8 Qb7+ 38. Kg1 f4 39. Qf8+ Qf7 40. Qxf7+ Kxf7
41. Kg2 g5 42. Kf3 h5 43. Ke4 Ke6 44. h4 fxg3 45. fxg3 gxh4 46. gxh4 a6 47. b4 Kf6 48. c5 bxc5 49. bxc5 Ke6 50. a4 a5
51. c6 Kd6 52. c7 Kxc7 53. Kxe5 Kc6 54. Kf5 Kc5 55. Kg5 Kb4 56. Kxh5 Kxa4 57. Kg6
1-0

[Event "Blitz RR (Jul 2017) 1500-1899"]
[Site "SchemingMind.com"]
[Date "2017.07.19"]
[Round "-"]
[White "Scooter"]
[Black "Phillip Beckett"]
[Result "1-0"]
[WhiteCountry "USA"]
[BlackCountry "ENG"]
[WhiteElo "1732"]
[WhiteRD "51"]
[BlackElo "1587"]
[BlackRD "59"]
[GameID "416536"]

1. d4 d5 2. Nf3 Nf6 3. Bf4 e6 4. e3 c5 5. Bb5+ Bd7 6. Bxd7+ Nbxd7 7. c3 Qb6 8. Qb3 c4 9. Qxb6 axb6 10. O-O b5
11. Nbd2 Nb6 12. b3 Be7 13. bxc4 Nxc4 14. Rfb1 Na3 15. Rb2 O-O 16. Nb1 Rfc8 17. Nxa3 Rxa3 18. Rxb5 Raxc3 19. g3 Rc1+ 20. Rxc1 Rxc1+
21. Kg2 Rc8 22. Rxb7 Bf8 23. Ne5 Ne4 24. Nxf7 g5 25. Bxg5 Nxg5 26. Nxg5 Bh6 27. Nxe6
1-0

[Event "Blitz RR (Jul 2017) 1500-1899"]
[Site "SchemingMind.com"]
[Date "2017.07.19"]
[Round "-"]
[White "Scooter"]
[Black "Wojtek26"]
[Result "1/2-1/2"]
[WhiteCountry "USA"]
[BlackCountry "POL"]
[WhiteElo "1711"]
[WhiteRD "52"]
[BlackElo "1596"]
[BlackRD "45"]
[GameID "416537"]

1. d4 d5 2. Nf3 Nf6 3. Bf4 e6 4. e3 Bd6 5. Bxd6 Qxd6 6. c3 O-O 7. Be2 Nbd7 8. O-O Ne4 9. Nbd2 Nxd2 10. Qxd2 c5
11. dxc5 Nxc5 12. Qc2 Ne4 13. Rfd1 Qe7 14. Nd2 Nxd2 15. Rxd2 b6 16. c4 dxc4 17. Bxc4 Bb7 18. Qd1 Qg5 19. g3 Rfd8 20. Rxd8+ Rxd8
21. Qe1 Qf5 22. Rd1 Rxd1 23. Qxd1 Qf6 24. Bf1 Bf3 25. Qc2 Qd8 26. Qa4 Qe7= 27. Bg2 Bxg2 28. Kxg2 h6 29. b4 g6 30. Qb5 h5
31. a4 Kg7 32. a5 bxa5 33. bxa5 Kf6 34. a6 Kg7 35. Qb7 Kf8 36. Qb8+ Kg7 37. Qb7 Kf8 38. h4 Qc5 39. e4 Kg7 40. e5 Kf8
41. Qb8+ Kg7 42. Qb7=
1/2-1/2

[Event "Blitz RR (Jul 2017) 1500-1899"]
[Site "SchemingMind.com"]
[Date "2017.07.19"]
[Round "-"]
[White "Wojtek26"]
[Black "Scooter"]
[Result "0-1"]
[WhiteCountry "POL"]
[BlackCountry "USA"]
[WhiteElo "1596"]
[WhiteRD "45"]
[BlackElo "1711"]
[BlackRD "52"]
[GameID "416538"]

1. e4 c6 2. Nf3 d5 3. exd5 cxd5 4. d4 Bg4 5. h3 Bxf3 6. Qxf3 Nf6 7. Bb5+ Nc6 8. Bg5 e6 9. O-O Be7 10. c3 a6
11. Ba4 Ne4 12. Bxe7 Qxe7 13. Rd1 O-O 14. Nd2 Nxd2 15. Rxd2 b5 16. Bb3 Rac8 17. Re1 Qg5 18. Rde2 b4 19. cxb4 Nxd4 20. Qe3 Qxe3
21. Rxe3 Nc2 22. Bxc2 Rxc2 23. R3e2 Rfc8 24. a3 Kf8 25. g3 Ke7 26. h4 Kd6 27. f4 Rc1 28. Rxc1 Rxc1+ 29. Kf2 d4 30. Rd2 Kd5
31. Ke2 Kc4 32. Rd3 Rc2+ 33. Rd2 Kb3 34. Kd3 Rxd2+ 35. Kxd2 Kc4 36. Kc2 h5 37. b3+ Kd5 38. Kd3 f6 39. a4 e5 40. fxe5 fxe5
41. b5 axb5 42. a5 e4+ 43. Kd2 b4 44. a6 Kc6
0-1

[Event "Blitz RR (Jul 2017) 1500-1899"]
[Site "SchemingMind.com"]
[Date "2017.07.22"]
[Round "-"]
[White "David Hartley"]
[Black "Sir Osis of the Liver"]
[Result "0-1"]
[WhiteCountry "ENG"]
[BlackCountry "ENG"]
[WhiteElo "1841"]
[WhiteRD "74"]
[BlackElo "1679"]
[BlackRD "73"]
[GameID "416669"]

1. e4 e5 2. Nf3 Nf6 3. Nxe5 Bc5 4. d4 Bb6 5. Nc3 d6 6. Nc4 h6 7. Nxb6 cxb6 8. Be2 O-O 9. O-O Nc6 10. Bf3 Bd7
11. a3 Ne7 12. Ne2 Ng6 13. g3 Re8 14. Nc3 Bh3 15. Re1 Nh7 16. Qd3 Qf6 17. Nd5 Qd8 18. Re3 Be6 19. Nc3 Rc8 20. Re1 Ng5
21. Bg2 Bc4 22. Qd2 Qd7 23. b3 Be6 24. Qe2 Nh3+ 25. Kf1 Ng5 26. Bd2 Bh3 27. Qd3 Bxg2+ 28. Kxg2 Qg4 29. Bxg5 hxg5 30. h3 Nf4+
0-1

[Event "Blitz RR (Jul 2017) 1500-1899"]
[Site "SchemingMind.com"]
[Date "2017.07.22"]
[Round "-"]
[White "Sir Osis of the Liver"]
[Black "David Hartley"]
[Result "1-0"]
[WhiteCountry "ENG"]
[BlackCountry "ENG"]
[WhiteElo "1623"]
[WhiteRD "72"]
[BlackElo "1880"]
[BlackRD "77"]
[GameID "416670"]

1. e4 e5 2. Nf3 Nc6 3. Bc4 Bc5 4. O-O Nf6 5. d3 d6 6. a3 h6 7. h3 O-O 8. Nc3 Ne7 9. Na4 Bb6 10. Nxb6 axb6
11. Be3 Bd7 12. Qd2 c5 13. c3 Bc6 14. Bxh6 gxh6 15. Qxh6 Nh7 16. Ng5 Nxg5 17. Qxg5+ Kh7 18. Qh5+ Kg7 19. f4 Be8 20. Rf3 f5
21. Rg3+ Bg6 22. exf5 Rxf5 23. Rxg6+ Nxg6 24. Qxf5 d5 25. Bb3 Qf6 26. Qd7+ Kh6 27. fxe5 Qxe5 28. Qxb7 Rf8 29. Bxd5 Rf2 30. Kxf2
1-0

[Event "Blitz RR (Jul 2017) 1500-1899"]
[Site "SchemingMind.com"]
[Date "2017.07.23"]
[Round "-"]
[White "emvarela"]
[Black "Sir Osis of the Liver"]
[Result "1-0"]
[WhiteCountry "ARG"]
[BlackCountry "ENG"]
[WhiteElo "1836"]
[WhiteRD "59"]
[BlackElo "1679"]
[BlackRD "73"]
[GameID "416671"]

1. e4 d5 2. exd5 Nf6 3. Nc3 Nxd5 4. Nxd5 Qxd5 5. d4 Bf5 6. c4 Qe4+ 7. Be3 e6 8. Ne2 Bb4+ 9. Bd2 Nc6 10. f3 Qh4+
11. g3 Qe7 12. a3 Bxd2+ 13. Qxd2 O-O 14. Bg2 h6 15. f4 Rad8 16. Rd1 Bg4 17. Bxc6 bxc6 18. Qe3 Bh3 19. Kf2 Qf6 20. Qe5 Qg6
21. Rd2 f6 22. Qxc7 e5 23. Qxc6 exf4 24. Nxf4 Qf5 25. Re1 g5 26. Qe6+
1-0

[Event "Blitz RR (Jul 2017) 1500-1899"]
[Site "SchemingMind.com"]
[Date "2017.07.23"]
[Round "-"]
[White "Sir Osis of the Liver"]
[Black "emvarela"]
[Result "0-1"]
[WhiteCountry "ENG"]
[BlackCountry "ARG"]
[WhiteElo "1670"]
[WhiteRD "72"]
[BlackElo "1913"]
[BlackRD "56"]
[GameID "416672"]

1. e4 e5 2. Nf3 Nc6 3. Bc4 Bc5 4. O-O Nf6 5. d3 d5 6. exd5 Nxd5 7. h3 O-O 8. Nc3 Be6 9. Ne4 Be7 10. Nfg5 Bxg5
11. Bxg5 f6 12. Bd2 Qe7 13. f4 Nxf4 14. Bxf4 exf4 15. Rxf4 Bxc4 16. dxc4 Qe5 17. Qg4 Qxb2 18. Raf1 Kh8 19. c3 Qxa2 20. Ng5 Qa5
21. Ne6 Rf7 22. c5 Ne5 23. Qd1 Qxc3 24. Qd5 Re8 25. Rf5 Rfe7 26. Nf4 Qe3+ 27. Kh1 c6 28. Qa2 Qxc5 29. Nh5 g6 30. Rxf6 gxh5
31. h4 Ng4 32. Rf8+ Rxf8 33. Rxf8+ Kg7 34. Rg8+ Kh6 35. Qd2+ Ne3 36. Rg3 Qd5 37. Qb2 Qd1+ 38. Kh2 Nf1+ 39. Kh3 Qd7+
0-1

[Event "Blitz RR (Jul 2017) 1500-1899"]
[Site "SchemingMind.com"]
[Date "2017.07.22"]
[Round "-"]
[White "Phillip Beckett"]
[Black "Sir Osis of the Liver"]
[Result "0-1"]
[WhiteCountry "ENG"]
[BlackCountry "ENG"]
[WhiteElo "1587"]
[WhiteRD "59"]
[BlackElo "1623"]
[BlackRD "72"]
[GameID "416673"]

1. d4 d5 2. e3 Nf6 3. Bd3 Nc6 4. c3 e5 5. dxe5 Nxe5 6. Be2 Bd6 7. Nf3 h6 8. Nbd2 O-O 9. Nxe5 Bxe5 10. Nf3 Bd6
11. O-O c6 12. h3 Be6 13. Nd4 Bd7 14. Bd3 Ne4 15. Qf3 Ng5 16. Qe2 Nxh3+ 17. gxh3 Bxh3 18. Qf3 Qg5+ 19. Kh1 Qh4 20. Kg1 Bh2+
21. Kh1 Bxf1 22. Bxf1 Bd6+ 23. Kg1 Qh2#
0-1

[Event "Blitz RR (Jul 2017) 1500-1899"]
[Site "SchemingMind.com"]
[Date "2017.07.22"]
[Round "-"]
[White "Sir Osis of the Liver"]
[Black "Phillip Beckett"]
[Result "1-0"]
[WhiteCountry "ENG"]
[BlackCountry "ENG"]
[WhiteElo "1623"]
[WhiteRD "72"]
[BlackElo "1587"]
[BlackRD "59"]
[GameID "416674"]

1. e4 e5 2. Nf3 Nc6 3. Bc4 Nf6 4. d3 Be7 5. h3 d6 6. Nc3 h6 7. O-O O-O 8. a3 Nd4 9. Nxd4 exd4 10. Ne2 c5
11. f4 Be6 12. e5 dxe5 13. fxe5 Nd5 14. Bxd5 Bxd5 15. Nf4 Bc6 16. e6 fxe6 17. Nxe6 Rxf1+ 18. Qxf1 Qd6 19. Qe2 Bf6 20. Qg4 Re8
21. Nf4 Re1+ 22. Kf2 Re5 23. Bd2 Rg5 24. Qc8+ Kh7 25. Rg1 Be5 26. Ne6 Rf5+ 27. Ke2 Bf6 28. Nf8+ Kg8 29. Ng6+ Kh7 30. Qxf5 Bd7
31. Nf8+ Kg8 32. Nxd7 Qe7+ 33. Kd1
1-0

[Event "Blitz RR (Jul 2017) 1500-1899"]
[Site "SchemingMind.com"]
[Date "2017.07.22"]
[Round "-"]
[White "Scooter"]
[Black "Sir Osis of the Liver"]
[Result "0-1"]
[WhiteCountry "USA"]
[BlackCountry "ENG"]
[WhiteElo "1732"]
[WhiteRD "51"]
[BlackElo "1623"]
[BlackRD "72"]
[GameID "416675"]

1. d4 d5 2. Nf3 Nf6 3. Bf4 Nc6 4. e3 Ne4 5. c3 Bf5 6. Nh4 e5 7. Nxf5 exf4 8. exf4 Qf6 9. Ne3 Qxf4 10. Qe2 O-O-O
11. g3 Qg5 12. Bh3+ Kb8 13. O-O h5 14. Nd2 Nf6 15. Nf3 Qh6 16. Nf5 Qg6 17. Ne5 Nxe5 18. Qxe5 Ng4 19. Bxg4 Qxg4 20. Kg2 Bd6
21. Qxg7 Qxf5
0-1